00955nas a2200229Ia 4500001002800000003001000028008004100038040002500079041001300104100002300117210003200140222003200172245006300204250001100267260000900278501012300287300001300410362002600423500024100449650002400690700001100714A08/R098-20421 [r000019575]IT-MiCISF161014c99999999xx |||||||||||| ||und|| aIT-MiCISFcIT-MiCISF aITALIANO aDe Pieri Severino  aNote di pastorale giovanile aNote di pastorale giovanile 0aIl caso adolescenza. Nuovi interrogativi per gli educatori a1a ed. c1997 bCISF - Centro Internazionale Studi Famiglia - Via Giotto, 36 20145 MILANO (non commercial uses only)cCopyright 2016 app. 7-64 an. 8, novembre [1997] aBucciarelli C., Alici L., Pietropolli Charmet G., Rivoltella P.C., Pati L., Pellerey M., Morante G., Maurizio R., Santamaria S. Tema: adolescenza, disadattamento, educazione, operatori, massmedia, educazione-familiare, scuola, catechesi aEDUCAZIONEvdossier aAA.VV.